[Event "Peace Tournament 2018"]
[Site "Zagreb"]
[Date "2018.11.09"]
[Round "4.1"]
[White "Ivanchuk, Vassily"]
[Black "Saric, Ivan"]
[Result "1/2-1/2"]
[WhiteElo "2714"]
[BlackElo "2692"]
[Annotator "TA"]
[PlyCount "136"]
[EventDate "2018.11.12"]
[EventType "tourn"]
[EventCountry "CRO"]
[SourceTitle "playchess.com"]
[Source "ChessBase"]
[SourceQuality "1"]

{[%evp 11,136,14,14,6,14,6,28,0,2,0,0,0,0,0,0,0,0,2,8,0,85,84,83,83,118,118,110,100,121,114,122,110,127,127,128,140,218,211,208,207,214,208,183,198,176,171,178,171,223,214,237,235,360,336,349,311,430,430,418,222,395,404,393,362,538,487,420,415,425,358,531,531,531,531,523,523,458,395,405,389,397,364,409,448,437,437,384,346,577,577,560,461,462,261,260,254,254,246,237,230,204,76,75,76,80,0,0,0,35,0,0,0,0,0,0,0,8,0,0,0,0,0,0,0,0,0,0]} 1. d4 d5 2. c4 c6 3. cxd5 cxd5 4. Bf4 Nc6 5. e3 Bf5 (5... Nf6 6. Nc3 Bf5 7. Nf3 e6 8. Qb3 Bb4 9. Ne5 Bxc3+ 10. bxc3 Nxe5 11. Bxe5 O-O 12. Be2 Rc8 13. f3 Qa5 14. Rc1 Rc6 15. g4 Bg6 16. h4 h6 {0-1 (29) Svane,R (2595)-Vidit,S (2711) Douglas 2018}) 6. Nc3 {D10: Slav Defence: 3 cxd5 (without early Nf3) and 3 Nc3} e6 {LiveBook: 69 Games} 7. Bb5 Rc8 8. Nf3 Bb4 $146 ({Predecessor:} 8... Nge7 9. h3 f6 10. O-O a6 11. Be2 g5 12. Bh2 h5 {1-0 (50) Studer,N (2462)-Bogner,S (2556) Flims 2016}) 9. Qb3 Bxc3+ 10. Qxc3 a6 11. Be2 Nf6 12. Nd2 O-O 13. O-O a5 14. Rac1 Nb4 15. Qa3 b6 (15... Qb6 $11 {remains equal.}) 16. Rxc8 $16 Qxc8 17. Bd6 Rd8 18. Bxb4 axb4 19. Qxb4 Qc7 20. Nb3 Rc8 21. Ba6 Ra8 22. Rc1 Qa7 23. Bf1 $1 Qxa2 (23... h5 $16) 24. Ra1 $18 (24. Qxb6 Qxb2 25. Qc6 Re8 $11) 24... Qxa1 25. Nxa1 Rxa1 26. Qc3 {Intending Qc8+ and mate.} ({But not} 26. Qxb6 $6 g5) 26... g5 {aiming for ...Ne4.} 27. f3 $1 h5 28. Kf2 Rb1 29. Be2 g4 (29... Kg7 $142 30. Qb4 Rc1 31. Qxb6 Rc2) 30. Qb4 gxf3 31. gxf3 Rh1 (31... h4 $142 32. Qxb6 Kg7) 32. Kg2 (32. Qxb6 Rxh2+ 33. Ke1 Rh1+ 34. Kd2 h4 $16) 32... Rc1 33. Qxb6 h4 34. b4 Rb1 35. Qc5 (35. b5 $142) 35... Rb2 $2 (35... Nh7 {was called for.} 36. Qe7 Rb2) 36. Kf1 $1 Rb1+ 37. Kf2 Rb2 (37... Nh7 {might work better.} 38. Qc7 Kg7) 38. Qc3 Rb1 39. b5 Kg7 40. Bf1 Ne8 (40... Nd7 $142 41. Be2 Nf6) 41. e4 dxe4 42. d5+ Nf6 43. fxe4 Bxe4 44. dxe6 fxe6 45. Be2 Kg6 46. Qd4 Rb3 47. Bc4 e5 48. Qd6 Rb2+ 49. Be2 ({Less strong is} 49. Ke3 Rxh2 50. Be6 Bf5 $16) 49... Bf5 $2 (49... Bd5) 50. Qa3 Ne4+ 51. Ke3 Rb1 52. Qa2 (52. Bd3 $142 Re1+ 53. Kf3) 52... Nf6 53. Qc4 Rb4 54. Qc6 ({Don't go for} 54. Bh5+ $2 Kxh5 55. Qf7+ Kg5 $19) 54... Rb3+ 55. Kf2 Rb2 {White must now prevent ...Bd3.} 56. Ke1 (56. Qc1 $1 $18 {[%cal Rc1b2] is the precise move to win.} Ng4+ 57. Kf3) 56... Rb1+ $16 {[#]} 57. Bd1 $1 e4 {[#] Strongly threatening ...Bg4.} 58. b6 (58. Qc2 $1 $16 {[%cal Rc2b1]} Rxb5 59. Qg2+ Kf7 60. Qg5) 58... Bg4 $11 59. b7 Bxd1 60. b8=Q Rxb8 {The position is equal.} 61. Kxd1 {[%mdl 4096] Endgame KQ-KRN} Rb2 62. Qd6 Rg2 63. Ke1 h3 64. Qe5 Rg1+ 65. Ke2 Rg2+ 66. Ke1 Rg1+ 67. Ke2 Rg2+ 68. Ke1 Rg1+ {Precision: White = 66%, Black = 65%.} 1/2-1/2

[Event "Peace Tournament 2018"]
[Site "Zagreb"]
[Date "2018.11.09"]
[Round "4.2"]
[White "Palac, Mladen"]
[Black "Amin, Bassem"]
[Result "1/2-1/2"]
[WhiteElo "2548"]
[BlackElo "2709"]
[Annotator "TA"]
[PlyCount "73"]
[EventDate "2018.11.12"]
[EventType "tourn"]
[EventCountry "CRO"]
[SourceTitle "playchess.com"]
[Source "ChessBase"]
[SourceQuality "1"]

{[%evp 32,73,22,23,45,0,0,0,0,-11,-5,-4,55,55,58,50,58,50,57,50,57,55,82,67,86,83,126,28,31,27,33,29,35,46,35,28,41,14,14,18,22,22,23,23]} 1. e4 e5 2. Nf3 Nc6 3. Bb5 a6 4. Ba4 Nf6 5. O-O Be7 6. Re1 b5 7. Bb3 d6 8. a4 Bd7 9. c3 O-O 10. d4 h6 11. Nbd2 Re8 12. Nf1 Bf8 13. Ng3 Na5 14. Bc2 c5 15. h3 Qc7 16. d5 {C97: Closed Ruy Lopez: Chigorin Defence: 11 d4 Qc7, sidelines} c4 17. Be3 {LiveBook: 4 Games} Reb8 (17... Nb7 18. Nd2 g6 19. Qe2 Nc5 20. Ra3 Rec8 21. axb5 axb5 22. Rea1 Qb7 23. Qd1 h5 {1-0 (61) Bruzon Batista,L (2677)-Eljanov,P (2718) Havana 2015}) 18. Nd2 $146 {White is slightly better.} (18. Qe2 {with more complications.} Nb7 19. Nd2 Na5 20. Reb1 Be7 21. Ra3) ({Predecessor:} 18. axb5 axb5 {½-½ (39) Schlenther,M (2364)-Putman,M (2288) LSS email 2012}) 18... bxa4 19. Bxa4 Rxb2 20. Bxd7 Nxd7 21. Rxa5 Rxd2 ({Black should play} 21... Qxa5 $11 22. Nxc4 Qxc3 23. Nxb2 Qxb2) 22. Qa1 $14 Rd3 23. Rxa6 Rxa6 24. Qxa6 {aiming for Qc6.} Rxc3 25. Qc6 Qd8 26. Ra1 {[%cal Be1a1,Ba1a4,Ba4c4,Bc4c8][%mdl 1056] [#] Hoping for Ra7. White has compensation.} Nb8 27. Qb5 Qc8 28. Ra4 g6 {[#]} 29. Ne2 (29. Nf1 $1 $16) 29... Rb3 $1 $11 {[%cal Rb3b5]} ({Wrong is} 29... Rc2 $2 30. Ra8 $18) 30. Rxc4 Qb7 31. Qxb7 Rxb7 32. Rc8 {Strongly threatening Bxh6.} h5 33. Bh6 Nd7 34. g4 hxg4 35. hxg4 Rb8 36. Rxb8 Nxb8 37. Bg5 {Precision: White = 65%, Black = 51%.} 1/2-1/2

[Event "Peace Tournament 2018"]
[Site "Zagreb"]
[Date "2018.11.09"]
[Round "4.3"]
[White "Adhiban, B.."]
[Black "Zelcic, Robert"]
[Result "1-0"]
[WhiteElo "2682"]
[BlackElo "2508"]
[Annotator "TA"]
[PlyCount "59"]
[EventDate "2018.11.12"]
[EventType "tourn"]
[EventCountry "CRO"]
[SourceTitle "playchess.com"]
[Source "ChessBase"]
[SourceQuality "1"]

{[%evp 20,59,35,0,0,0,29,0,165,181,162,158,338,249,237,249,314,100,100,102,97,104,104,104,104,97,193,185,179,0,60,0,184,152,641,620,727,729,737,725,708,714]} 1. e4 c6 2. d4 d5 3. e5 Bf5 4. Nf3 e6 5. Be2 Nd7 6. O-O h6 7. c3 Ne7 8. Na3 {[%cal Bb1a3,Ba3c2,Bc2d4][%mdl 32]} a6 {B12: Caro-Kann: Advance Variation} (8... Qc7 9. b3 g5 10. c4 a6 11. Nc2 dxc4 12. bxc4 O-O-O 13. Bb2 Bg7 14. Qc1 c5 15. d5 exd5 16. cxd5 Nxd5 {½-½ (51) Sevian,S (2624)-Le,Q (2728) Philadelphia 2018}) 9. Nc2 c5 10. dxc5 Nxc5 11. Ncd4 {LiveBook: 3 Games} Bh7 12. Be3 Nd7 $146 ({Predecessor:} 12... g5 13. c4 dxc4 14. Bxc4 Nd5 15. Rc1 g4 16. Nd2 Nxe3 17. fxe3 {½-½ (48) Schwetlick,T (2465)-Goncharenko,G (2496) ICCF email 2013}) 13. Rc1 Ng6 $2 (13... g5 $1 $11 {and Black is okay.}) 14. c4 $1 $18 dxc4 15. Bxc4 Rc8 $2 (15... Be7 $16 16. Bxe6 Ndxe5) 16. Bxe6 Rxc1 17. Qxc1 Ngxe5 18. Bxd7+ $2 (18. Bf5 $1 $18 {is the precise move to win.}) 18... Nxd7 $16 19. Bf4 {Strongly threatening Re1+.} Be7 20. Bc7 $1 {[%cal Rc7d8]} Qc8 {[#]} 21. Bd6 $1 $36 {[%mdl 2560] White is really pushing.} Qxc1 (21... Bxd6 22. Qxc8+) 22. Rxc1 {Threatens to win with Re1.} Kd8 (22... Nb6 $16 {was called for.} 23. Bxe7 Kxe7) 23. Bc7+ $1 $18 Ke8 {[#]} 24. Bd6 (24. Ba5 $1 $18 Bc5 25. b4) 24... Kd8 $14 25. Bc7+ (25. Ne5 $14 Nxe5 26. Bxe5) 25... Ke8 $18 {[#]} 26. Ba5 $1 {And now Rc8+ would win.} Nf8 $2 (26... Bc5 $16 27. b4 Bf8 28. Rc8+ Ke7) 27. Ne5 {Rc8+ would kill now.White is clearly winning.} Bg5 28. Rc8+ Ke7 29. Bd8+ Kd6 30. Nxf7+ {Precision: White = 47%, Black = 33%.} 1-0

[Event "Peace Tournament 2018"]
[Site "Zagreb"]
[Date "2018.11.09"]
[Round "4.4"]
[White "Cheparinov, Ivan"]
[Black "Bacrot, Etienne"]
[Result "1/2-1/2"]
[WhiteElo "2711"]
[BlackElo "2677"]
[Annotator "TA"]
[PlyCount "54"]
[EventDate "2018.11.12"]
[EventType "tourn"]
[EventCountry "CRO"]
[SourceTitle "playchess.com"]
[Source "ChessBase"]
[SourceQuality "1"]

{[%evp 22,54,13,33,16,31,23,24,29,34,34,32,31,26,29,24,10,15,52,25,53,0,0,0,0,0,3,0,0,6,4,0,0,0,0]} 1. d4 d5 2. c4 e6 3. Nf3 Nf6 4. g3 Be7 5. Bg2 O-O 6. O-O dxc4 7. Qc2 b6 {E05: Open Catalan: 5 Nf3 Be7} 8. Ne5 Qxd4 9. Bxa8 Qxe5 10. Bf3 Nd5 11. Qxc4 Ba6 12. Qa4 {LiveBook: 11 Games} c5 (12... Bf6 13. Re1 c5 14. Na3 b5 15. Nxb5 Nb6 16. Qa5 Nc4 17. Qa4 Nb6 18. Qa5 {½-½ (18) Cheparinov,I (2677)-Bacrot,E (2692) Monzon 2016}) 13. Na3 Qc7 14. Rd1 {[#]} Qc8 $146 ({Predecessor:} 14... Bf6 15. Rb1 Qc6 16. Qe4 Qc8 17. Qa4 Qc6 18. Qe4 Qc8 19. Qa4 {½-½ (19) Vitiugov,N (2730)-Kryvoruchko,Y (2711) Linares 2018}) 15. Bd2 Nc6 16. Bc3 Nxc3 17. bxc3 Ne5 18. c4 Nxf3+ 19. exf3 Bf6 20. Rab1 Bb7 21. Rd3 (21. Qxa7 $14 Bxf3 22. Rd6) 21... Qa8 $11 {The position is equal.} 22. Qb3 e5 23. Re1 e4 24. fxe4 {Hoping for e5.} Bd4 25. Nb5 Bxe4 {[#] White must now prevent ...Bh1.} 26. Nxd4 {Rde3 is the strong threat.} Bxd3 27. Qxd3 {Strongly threatening Nf5.} cxd4 {Precision: White = 89%, Black = 97%.} 1/2-1/2

[Event "Peace Tournament 2018"]
[Site "Zagreb"]
[Date "2018.11.09"]
[Round "4.5"]
[White "Jovanovic, Zoran"]
[Black "Stevic, Hrvoje"]
[Result "1/2-1/2"]
[WhiteElo "2537"]
[BlackElo "2589"]
[Annotator "TA"]
[PlyCount "50"]
[EventDate "2018.11.12"]
[EventType "tourn"]
[EventCountry "CRO"]
[SourceTitle "playchess.com"]
[Source "ChessBase"]
[SourceQuality "1"]

{[%evp 25,50,7,9,9,9,9,10,9,9,3,3,0,0,0,21,9,4,9,3,9,7,6,14,-8,0,0,0]} 1. e4 e5 2. Nf3 Nc6 3. Bb5 Nf6 4. O-O Nxe4 5. Re1 Nd6 6. Nxe5 Be7 7. Bf1 Nxe5 8. Rxe5 O-O 9. d4 Bf6 10. Re1 Nf5 11. c3 d5 {C67: Ruy Lopez: Berlin Defence: 4 0-0 Nxe4} 12. Bf4 c6 13. Nd2 Bg5 {LiveBook: 4 Games. The position is equal.} (13... Nh4 14. Bd3 Bf5 15. Bxf5 Nxf5 16. Nf3 Qd7 17. Ne5 Bxe5 18. Rxe5 f6 19. Re1 {½-½ (27) Adams,M (2715)-Aronian,L (2805) London 2017}) 14. Qg4 Bxf4 15. Qxf4 Qd6 16. Re5 Nh6 $146 ({Predecessor:} 16... Ne7 17. Bd3 Ng6 18. Bxg6 hxg6 19. Qg3 Be6 20. Rae1 Rfe8 21. Qe3 Bd7 22. Qf4 Qf8 23. Rxe8 Rxe8 24. Rxe8 Qxe8 {½-½ (24) Ulybin,M (2523)-Korley,K (2329) Koge 2013}) 17. Qg3 f6 18. Re2 Qxg3 19. hxg3 Bd7 20. Rae1 Rfe8 21. f3 Nf5 22. g4 {[#] aiming for Rxe8+.} Nd6 23. Kf2 Rxe2+ 24. Rxe2 Re8 25. Rxe8+ Bxe8 1/2-1/2

[Event "Peace Tournament 2018"]
[Site "Zagreb"]
[Date "2018.11.09"]
[Round "4.6"]
[White "Malakhov, Vladimir"]
[Black "Kozul, Zdenko"]
[Result "0-1"]
[WhiteElo "2654"]
[BlackElo "2612"]
[Annotator "TA"]
[PlyCount "118"]
[EventDate "2018.11.12"]
[EventType "tourn"]
[EventCountry "CRO"]
[SourceTitle "playchess.com"]
[Source "ChessBase"]
[SourceQuality "1"]

{[%evp 10,118,4,-2,14,17,14,12,20,19,19,19,38,18,38,25,38,21,38,38,40,31,41,0,0,0,10,0,0,-22,44,37,44,44,89,66,69,84,100,52,59,38,38,40,48,35,77,10,20,0,0,0,0,0,0,0,0,0,0,0,0,0,0,0,0,0,0,0,0,0,0,0,0,0,0,0,0,-8,-8,-8,-8,-247,-243,-223,-227,-219,-218,-218,-218,-257,-267,-267,-272,-272,-269,-264,-264,-259,-250,-258,-235,-243,-218,-212,-212,-818,-781,-12839,-687,-12840,-12836]} 1. e4 c5 2. Nf3 Nc6 3. Bb5 e5 4. Bxc6 (4. O-O Bd6 5. c3 a6 6. Ba4 b5 7. Bc2 Nge7 8. a4 Rb8 9. axb5 axb5 10. d4 cxd4 11. cxd4 Nxd4 12. Nxd4 exd4 {0-1 (44) Bologan,V (2640)-Korobov,A (2695) Poikovsky 2017}) 4... dxc6 5. d3 Bd6 6. Nbd2 {LiveBook: 5 Games. B30: Sicilian: 2...Nc6 3 Bb5, lines without ...g6} Ne7 7. Nc4 Ng6 8. Be3 {The position is equal.} f6 $146 ({Predecessor:} 8... Qe7 9. Qd2 Bc7 10. a4 Bg4 11. Ng1 O-O {½-½ (52) Magrini,F (2167)-Bonafede,A (2364) Alghero 2011}) 9. Nxd6+ Qxd6 10. Nd2 Be6 11. a4 a5 12. b3 b6 13. g3 h5 14. h4 Nf8 15. Qe2 Bd7 16. f4 Bg4 17. Nc4 Qc7 18. Qd2 Ne6 $1 19. fxe5 fxe5 (19... O-O $11) 20. O-O $14 Rf8 21. Kh2 Rxf1 22. Rxf1 b5 $1 {[%cal Rb5c4]} 23. Na3 Rb8 24. axb5 cxb5 {[%cal Bc6b5,Bb5b4][%mdl 32]} 25. c4 b4 $1 {[%cal Rb4a3]} 26. Nb5 Qd7 27. Qf2 Qe7 28. Qb2 ({Better is} 28. Qa2 $16 Ra8 29. Qa1) 28... Nd4 $1 $11 29. Bxd4 cxd4 30. Qa2 Ra8 31. Qf2 {[#] Threatens to win with Nc7+!} Kd7 32. Nxd4 exd4 33. Qxd4+ Ke8 34. Qd5 Rd8 35. Qg8+ Kd7 36. Qd5+ Ke8 37. Qc6+ Rd7 38. Qg6+ Kd8 39. Qb6+ Kc8 40. Qxa5 Ra7 41. Qb6 Ra2+ 42. Kg1 Bd7 43. Rf2 Rxf2 44. Qa6+ $1 ({Reject} 44. Kxf2 Qf6+ 45. Qxf6 gxf6 $17) 44... Kd8 45. Qa5+ $2 (45. Qa8+ $11 {and White has nothing to worry.} Kc7 46. Qa7+ Kc6 47. Qa6+ Kc7 48. Qa7+ Kc8 49. Qa8+ Kc7 50. Qa7+) 45... Ke8 $19 46. Kxf2 Bg4 47. Ke3 {[#]} Qf6 $1 48. Qc7 Qa1 {aiming for ...Qg1+.} 49. Qb8+ Kf7 {White must now prevent ...Qg1+.} 50. Qxb4 Qg1+ 51. Kd2 Qf2+ ({Not} 51... Qxg3 52. Qb7+ Kg8 53. Qd5+ Kh7 54. Qg5 $15) 52. Kc1 Qxg3 53. Qb7+ Kg6 54. Qb6+ Kh7 55. Qd8 Qf2 56. Qg5 Qa2 57. c5 $2 (57. b4) 57... Qxb3 {Black is clearly winning.} 58. Qe3 Qc3+ 59. Kb1 Bd1 {Precision: White = 59%, Black = 66%.} 0-1

[Event "Peace Tournament 2018"]
[Site "Zagreb"]
[Date "2018.11.09"]
[Round "5.1"]
[White "Kozul, Zdenko"]
[Black "Ivanchuk, Vassily"]
[Result "0-1"]
[WhiteElo "2612"]
[BlackElo "2714"]
[Annotator "TA"]
[PlyCount "104"]
[EventDate "2018.11.12"]
[EventType "tourn"]
[EventCountry "CRO"]
[SourceTitle "playchess.com"]
[Source "ChessBase"]
[SourceQuality "1"]

{[%evp 23,104,23,34,32,33,33,29,33,18,27,31,14,6,10,13,14,12,0,6,4,7,0,0,-41,-36,-39,-35,-22,0,0,0,-41,-12,-18,0,0,13,18,62,27,151,108,162,0,0,0,0,-177,-193,-206,-175,-214,-206,-398,-412,-388,-341,-395,-222,-206,-2,-1,-2,-312,-1,-1,-1,-1,-1,-5,-4,-6,-6,-741,-718,-704,-689,-656,-656,-647,-627,-5409,-5122]} 1. d4 Nf6 2. c4 e6 3. g3 c5 4. d5 exd5 5. cxd5 d6 6. Nc3 g6 7. Bg2 Bg7 8. Nf3 {[%cal Bg1f3,Bf3d2,Bd2c4][%mdl 32]} O-O 9. O-O a6 10. a4 Nbd7 11. Bf4 Qc7 12. e4 {A63: Modern Benoni: Fianchetto Variation: 9...Nbd7} (12. h3 Re8 13. Re1 Rb8 14. e4 b5 15. axb5 axb5 16. e5 dxe5 17. d6 Qb6 18. Nxe5 Bb7 19. Nxd7 Nxd7 20. Nd5 Bxd5 21. Qxd5 Bxb2 {1-0 (33) Jakovenko,D (2748)-Iljiushenok,I (2491) Baku 2015}) 12... Re8 {LiveBook: 12 Games} 13. Nd2 Ne5 $146 ({Predecessor:} 13... Nh5 14. Be3 Ne5 15. h3 Bd7 16. g4 Nf6 17. Qe2 c4 18. a5 Nd3 19. Rfb1 h5 {½-½ (41) Sikorsky,H (2473)-Petrovic,D (2361) ICCF email 2013}) 14. Bxe5 {White is slightly better.} Rxe5 15. Nc4 Re8 16. a5 Bd7 17. Qb3 Ng4 18. Qb6 Qxb6 19. axb6 Bf8 20. Rfd1 Ne5 21. Na5 Bg4 $36 {[%mdl 2048] Black fights for an advantage.} 22. f4 Bxd1 23. Rxd1 Nd7 24. Nc4 Rad8 25. Bh3 Kg7 26. Kf2 Be7 27. Nb1 f5 28. exf5 Bf6 29. fxg6 Bd4+ 30. Kf3 Nf6 31. Be6 {With the idea gxh7.} Rxe6 (31... hxg6 $11 {remains equal.} 32. Nbd2 Rh8) 32. dxe6 $16 d5 33. gxh7 $2 (33. b4 $1 $18 dxc4 34. bxc5) 33... dxc4 $11 34. Na3 Rd6 35. Re1 $2 (35. Nxc4 $11 {and White is okay.} Rxe6 36. b4) 35... Rxb6 $19 36. Nxc4 {[#]} Rb3+ $1 37. Kg2 Ne8 38. e7 $2 (38. g4) 38... b5 39. Ne5 Rxb2+ 40. Kh3 Rb3 (40... a5 $142 41. Nf3 Kxh7) 41. Kg4 c4 $2 (41... Kxh7 $19 42. Kf5 Bc3) 42. Rd1 $1 $11 {[%cal Rd1d4]} Bxe5 $1 43. fxe5 $2 {[%mdl 12288] Endgame KRN-KR} (43. Rd8 $1 $11 Kxh7 44. Rxe8) 43... Re3 $2 ({Black should try} 43... Kxh7 $19 {...c3 is the strong threat.} 44. Rd8 Ng7) 44. Rd8 Rxe5 45. Rxe8 Kxh7 {And now ...Kg7 would win. KR-KR} 46. h4 b4 {[%cal Bb5b4,Bb4b3,Bb3b2][%mdl 32] Threatens to win with ...c3.} 47. Kf4 Re1 48. Rb8 $2 {[%mdl 8192] [#]} (48. Kf5 $11) 48... b3 $1 $19 {Black is clearly winning.} 49. Rb7 Kg8 50. h5 {[#]} Rxe7 $3 {[%mdl 512]} 51. Rxe7 {White wants to mate with Rb7.} c3 {White must now prevent ...b2.} 52. Kg5 {Threatening mate with h6.} b2 {Accuracy: White = 53%, Black = 55%.} 0-1

[Event "Peace Tournament 2018"]
[Site "Zagreb"]
[Date "2018.11.09"]
[Round "5.2"]
[White "Stevic, Hrvoje"]
[Black "Malakhov, Vladimir"]
[Result "1/2-1/2"]
[WhiteElo "2589"]
[BlackElo "2654"]
[Annotator "TA"]
[PlyCount "66"]
[EventDate "2018.11.12"]
[EventType "tourn"]
[EventCountry "CRO"]
[SourceTitle "playchess.com"]
[Source "ChessBase"]
[SourceQuality "1"]

{[%evp 14,66,74,73,67,58,68,68,103,106,128,112,129,116,165,143,139,115,120,122,146,81,116,99,106,68,110,46,82,28,17,27,23,0,3,0,0,12,19,0,10,10,13,13,35,0,0,0,0,0,21,0,0,0,0]} 1. e4 d6 2. d4 Nf6 3. Nc3 g6 4. Nf3 Bg7 5. Be3 O-O 6. Qd2 Bg4 7. Ng5 {B08: Pirc Defence: Classical System} (7. Bh6 Bxf3 8. gxf3 Bxh6 9. Qxh6 e5 10. O-O-O exd4 11. Rxd4 Nc6 12. Rd1 Qe7 13. h4 Kh8 14. h5 Ng8 {0-1 (29) Dominguez Perez,L (2739)-Vachier Lagrave,M (2779) chess.com INT 2018}) 7... c6 8. f3 {LiveBook: 4 Games} Bc8 9. h4 {White is slightly better.} h6 10. Nh3 Bxh3 $146 ({Predecessor:} 10... h5 11. Ng5 b5 12. a3 Nbd7 13. g4 e5 14. gxh5 Nxh5 {½-½ (26) Dunnington,A (2450)-Anastasian,A (2520) Cappelle-la-Grande 1996}) 11. Rxh3 ({Don't play} 11. gxh3 h5 $11) 11... h5 12. O-O-O Qa5 13. g4 {[%cal Bg2g4,Bg4g5][%mdl 32]} e5 14. g5 Ne8 15. f4 exf4 16. Bxf4 Nd7 {[%cal Bb8d7,Bd7c5,Bc5e6][%mdl 32]} 17. Qh2 (17. a3 $142) 17... c5 18. dxc5 Nxc5 19. Kb1 Ne6 20. Rd5 (20. Nd5 $16) 20... Qb6 21. Rb5 (21. Bxd6 $16 Nxd6 22. Rxd6) 21... Qc6 $11 22. Nd5 Kh7 23. Bd3 Nxf4 24. Qxf4 {next Nf6+ is good for White.} Nc7 25. Nxc7 Qxc7 26. e5 a6 27. Rb3 ({Don't go for} 27. exd6 $2 Qd7 $19) 27... Bxe5 28. Qf3 $36 {[%mdl 2048] White fights for an advantage.} Kg7 29. Qxb7 Qc5 {[#] ( -> ...Qg1+). The position is equal.} 30. Rf3 Ra7 31. Qe4 Qd4 32. a3 Qxe4 33. Bxe4 f6 {Accuracy: White = 45%, Black = 53%.} 1/2-1/2

[Event "Peace Tournament 2018"]
[Site "Zagreb"]
[Date "2018.11.09"]
[Round "5.3"]
[White "Bacrot, Etienne"]
[Black "Jovanovic, Zoran"]
[Result "1/2-1/2"]
[WhiteElo "2677"]
[BlackElo "2537"]
[Annotator "TA"]
[PlyCount "31"]
[EventDate "2018.11.12"]
[EventType "tourn"]
[EventCountry "CRO"]
[SourceTitle "playchess.com"]
[Source "ChessBase"]
[SourceQuality "1"]

{[%evp 10,31,40,31,27,23,30,33,25,33,64,25,28,28,85,85,90,70,99,97,104,107,90,50]} 1. d4 Nf6 2. c4 g6 3. f3 d6 4. e4 Bg7 5. Ne2 c6 6. Nbc3 {LiveBook: 18 Games} a6 {E80: King's Indian: Sämisch: Lines without early ...0-0} 7. a4 (7. Be3 b5 8. c5 dxc5 9. dxc5 Qc7 10. Qd2 Nbd7 11. Ng3 Ne5 12. Rd1 h5 13. Bf4 Be6 14. Be2 {1-0 (54) Gunina,V (2509)-Paehtz,E (2449) Berlin 2013}) 7... a5 8. Be3 Na6 {White is slightly better.} 9. Qd2 e5 10. Rd1 $146 {And now dxe5 would win.} ({Predecessor:} 10. dxe5 dxe5 11. Qxd8+ Kxd8 12. Bb6+ Nc7 13. Rd1+ Bd7 14. Nc1 Kc8 15. Nb3 Ne6 {0-1 (39) Horvath,M (1993)-Novkovic,J (2128) Leoben 2008}) 10... Qe7 11. d5 $36 {[%mdl 2048] Black is under pressure.} c5 (11... O-O $11 {remains equal.}) 12. Nb5 $16 b6 13. g4 {[%cal Bg2g4,Bg4g5][%mdl 32]} h5 14. g5 {White is better.} Nh7 15. h4 f6 16. Bh3 {Accuracy: White = 63%, Black = 28%.} 1/2-1/2

[Event "Peace Tournament 2018"]
[Site "Zagreb"]
[Date "2018.11.09"]
[Round "5.4"]
[White "Zelcic, Robert"]
[Black "Cheparinov, Ivan"]
[Result "1-0"]
[WhiteElo "2508"]
[BlackElo "2711"]
[Annotator "TA"]
[PlyCount "83"]
[EventDate "2018.11.12"]
[EventType "tourn"]
[EventCountry "CRO"]
[SourceTitle "playchess.com"]
[Source "ChessBase"]
[SourceQuality "1"]

{[%evp 17,83,0,13,-2,11,18,19,14,22,16,38,22,50,51,62,65,58,67,78,84,87,79,89,70,108,29,29,36,81,94,81,90,85,75,89,92,135,86,216,218,219,169,169,197,232,241,237,247,245,219,233,232,230,222,235,235,247,222,254,255,290,289,292,292,290,280,347,341]} 1. e4 c5 2. Nf3 d6 3. Bb5+ Nd7 4. d4 cxd4 5. Qxd4 a6 6. Be2 {B51: Sicilian: Moscow Variation (3 Bb5+) without 3...Bd7} Ngf6 7. c4 g6 8. Nc3 Bg7 9. O-O O-O {LiveBook: 7 Games} 10. Qe3 b6 11. Rd1 Bb7 12. Ng5 h6 $146 ({Predecessor:} 12... Qc7 13. f3 Rac8 {0-1 (62) Nakamura,H (2777)-Vachier Lagrave,M (2779) Saint Louis 2018}) 13. Nh3 Rc8 14. f3 Qc7 15. Bd2 Ne5 {[%cal Bd7e5,Be5c6,Bc6d4][%mdl 32]} 16. b3 $1 Nc6 17. Qf2 e5 18. Rac1 Nd4 19. Be3 Nd7 20. Bf1 Nc5 {[#]} 21. Bxd4 (21. Nf4 $1 $16 {[%mdl 512]}) 21... exd4 $11 22. Ne2 {[%cal Bc3e2,Be2f4,Bf4h5][%mdl 32]} d3 23. Nef4 g5 24. Nh5 Be5 25. Ng3 {[#]} g4 $1 {[%mdl 512]} 26. fxg4 f5 27. gxf5 ({Reject} 27. exf5 $6 Qg7 $14) 27... Qg7 {[#]} (27... Nxe4 $16 {was necessary.} 28. Nxe4 Bxe4) 28. Qf3 $1 $18 Bxg3 29. Qxg3 Qxg3 30. hxg3 d2 31. Rxd2 Nxe4 32. Rd4 Rxf5 33. Re1 {Hoping for Bd3.} Re5 {[#]} 34. Rxd6 $1 {[%mdl 576] Remove Defender} Nxd6 35. Rxe5 Kf7 36. Bd3 Kf6 37. Rh5 Kg7 38. Nf4 {White has a decisive advantage.} Re8 39. c5 bxc5 40. Rxc5 Rc8 41. b4 Rxc5 42. Ne6+ {Accuracy: White = 79%, Black = 40%.} ({Not} 42. bxc5 Nb5 $18) 1-0